000
00272nam a2200109Ia 4500
001
1275881
005
20260417160436.0
008
260417s9999 xx 000 0 und d
020
_a
9786057949608
245
0
_a
Komşudaki Tiyatro
_c
Sonja Danowski
260
_b
Ketebe Çocuk
999
_c
1275881
_d
1275881